Movies Break The Fourth Wall Quiz Stats

Quiz Updated Mar 20, 2016

Challenge
Share
Tweet
Score 0/20 Timer 07:00
0 Plays Today
% Correct
The Simpsons Movie
99.1%
The Wolf of Wall Street
94.6%
Home Alone
94.4%
The Lion King
90.8%
Austin Powers in Goldmember
90.7%
Robin Hood: Men in Tights
90.5%
Wayne's World
86.5%
Aladdin
85.6%
Monty Python and the Holy Grail
82.1%
Deadpool
79.3%
% Correct
Ferris Bueller's Day Off
78%
The Emperor's New Groove
70.2%
Psycho
70.1%
The Big Lebowski
62.2%
American Psycho
59.3%
Jay and Silent Bob Strike Back
55.5%
Trading Places
52.4%
Fight Club
43.9%
On Her Majesty's Secret Service
13%
Gremlins 2: The New Batch
8.5%

You're not logged in!

Compare scores with friends on all Sporcle quizzes.
Join for Free
OR
Log In

You Might Also Like...

Show Comments

Extras

Top Quizzes Today


Score Distribution

Your Account Isn't Verified!

In order to create a playlist on Sporcle, you need to verify the email address you used during registration. Go to your Sporcle Settings to finish the process.

Report this User

Report this user for behavior that violates our Community Guidelines.

Details: